00482nam a22001817a 450000500170000001000230001702000220004003500220006203700160008408200130010010000190011324500420013226000380017427000420021230000210025465000110027565000140028620181112164012.0 aB-099276, B-99313 c200.00a818832213 aB-099276, B-99313 bCen Lib/Ret a613bAGG aAggarwal, Anil aHealth quiz book /cby Anil Aggarwal aNew DelhibOcean books pvt.c2004 a4/19,Asaf Ali roadbNew Delhie110002 a119p. c21cm(Hb) aHealth aQuiz book